Promoting yourself : (Record no. 1450)

MARC details
000 -LEADER
fixed length control field 00715nam a2200241 a 4500
005 - DATE AND TIME OF LATEST TRANSACTION
control field 20260322212100.0
008 - FIXED-LENGTH DATA ELEMENTS--GENERAL INFORMATION
fixed length control field data
010 ## - LIBRARY OF CONGRESS CONTROL NUMBER
LC control number 95068998
020 ## - INTERNATIONAL STANDARD BOOK NUMBER
International Standard Book Number 1878542893
020 ## - INTERNATIONAL STANDARD BOOK NUMBER
International Standard Book Number 9781878542892
040 ## - CATALOGING SOURCE
Original cataloging agency DLC
Transcribing agency DLC
050 00 - LIBRARY OF CONGRESS CALL NUMBER
Classification number HF5381
Item number .C318 1995
082 00 - DEWEY DECIMAL CLASSIFICATION NUMBER
Classification number 650.14
Edition information 20
092 ## - LOCALLY ASSIGNED DEWEY CALL NUMBER (OCLC)
Classification number 650.14 C318 1995
001 - CONTROL NUMBER
control field data
100 1# - MAIN ENTRY--PERSONAL NAME
Personal name Caroselli, Marlene.
245 10 - TITLE STATEMENT
Title Promoting yourself :
Remainder of title 50 ways to increase your prestige, power, and paycheck /
Statement of responsibility, etc. Marlene Caroselli.
260 ## - PUBLICATION, DISTRIBUTION, ETC.
Place of publication, distribution, etc. Mission, Kan. :
Name of publisher, distributor, etc. SkillPath Publications,
Date of publication, distribution, etc. c1995.
300 ## - PHYSICAL DESCRIPTION
Extent viii, 137 p. :
Other physical details ill. ;
Dimensions 23 cm.
504 ## - BIBLIOGRAPHY, ETC. NOTE
Bibliography, etc. note Includes bibliographical references (p. 135-137).
650 #0 - SUBJECT ADDED ENTRY--TOPICAL TERM
Topical term or geographic name entry element Career development.
650 #0 - SUBJECT ADDED ENTRY--TOPICAL TERM
Topical term or geographic name entry element Promotions.
Holdings
Withdrawn status Lost status Damaged status Not for loan Home library Current library Shelving location Date acquired Total checkouts Full call number Barcode Date last seen Price effective from Koha item type
        Springfield Springfield General stacks 22/03/2026   650.14 20 BC0011497 22/03/2026 22/03/2026 Books